Communication in Face to Face Interaction : Selected Readings /

Compilación de textos sobre las formas en que las personas se comunican con otras en situaciones de interacción cara a cara. Se aborda tanto la comunicación oral como la corporal y la no verbal, desde las perspectivas lingüística, psicológica y sociológica.

-д хадгалсан:
Номзүйн дэлгэрэнгүй
Үндсэн зохиолч: Laver, John (ed.)
Бусад зохиолчид: Hutcheson, Sandy (edición) (edición)
Формат: Ном
Хэл сонгох:англи
Хэвлэсэн: Middlesex, Inglaterra : Penguin, 1972, c1972
Цуврал:(Penguin Modern Linguistics Readings)
(Penguin Education)
Нөхцлүүд:
Шошгууд: Шошго нэмэх
Шошго байхгүй, Энэхүү баримтыг шошголох эхний хүн болох!

MARC

LEADER 00000nam^a2200000^a^4500
001 000182838
005 20250521000000.0
009 20260310102020.836
037 |a Acervo ITESO - Biblioteca 
041 |a ING 
082 |a 302. 2214  |b LAV 
100 |a Laver, John  |e (ed.) 
245 1 0 |a Communication in Face to Face Interaction :  |b Selected Readings /  |c Ed. de J. Laver, S. Hutcheson. 
264 4 |a Middlesex, Inglaterra :  |b Penguin,  |c 1972, c1972 
300 |a 417 p. 
336 |a texto  |b txt  |2 rdacontenido 
337 |a sin mediación  |b n  |2 rdamedio 
338 |a volumen  |b nc  |2 rdasoporte 
440 1 |a (Penguin Modern Linguistics Readings) 
440 1 |a (Penguin Education) 
520 |a Compilación de textos sobre las formas en que las personas se comunican con otras en situaciones de interacción cara a cara. Se aborda tanto la comunicación oral como la corporal y la no verbal, desde las perspectivas lingüística, psicológica y sociológica. 
649 |a XX 
650 |a Poder (Ciencias Sociales) 
650 |a Solidaridad 
650 |a Fórmulas de Tratamiento (Lingüística) 
650 |a Habla 
650 |a Conversaciones 
650 |a Interacción Comunicativa 
650 |a Interacción Social 
650 |a Proxémica 
650 |a Lenguaje Corporal 
650 |a Comunicación No Verbal 
650 |a Comunicación Oral 
650 |a Comunicación Personal 
650 |a Psicología Social 
650 |a Lingüística 
650 |a Comunicación 
700 |a Hutcheson, Sandy  |e (edición) 
910 |a Fondo General 
920 |a Impresos - Libros 
930 |a Colección General 
905 |a 101 
901 |a 0500122684  |b IT1  |c ACC  |u 20250521 
902 |a https://opac.biblio.iteso.mx/vufind/Record/000182838